000 01163nam a2200325 a 4500
001 000113730
003 CHAP
005 20250926062752.0
008 170913s2017 mx sm |||||||spa d
010 _a110191
011 _a111163
040 _cCHAP
090 _aTesis
100 1 _aGarcía González, Susana
_9133340
245 1 0 _aProducción de ovinos en el sistema guaje-mombasa en el limón, Morelos
_h[En línea]
_cpor Susana García González.
260 _aChapingo, Méx. :
_bEl autor,
_c2017.
500 _aPara ver el contenido del material haga clic en la liga
502 _aTesis (Ing. en Agroecología) -- UACH. Departamento Agroecología
590 _aE11695DGD
_b10
_c20170914
_lUCH01
_h1416
590 _aE6339RRR
_b05
_c20170913
_lUCH01
_h0855
590 _aE6339RRR
_b05
_c20170913
_lUCH01
_h0905
650 1 4 _aCultivos asociados.
_930370
650 1 4 _aGanado lanar
_xAlimentación.
_945153
650 1 4 _aLeucaena leucocephala como forraje.
_9132650
650 1 7 _aPastos forrajeros
_xRendimiento
_2
_986118
856 _aFinding aid
_uhttp://10.13.5.2/tesis/sist113730.pdf
_zTeclea aquí
901 _aBK
942 _cTESIS
942 _n0
999 _c110191
_d110191